000 00466nam a2200169Ia 4500
999 _c36132
_d36132
003 OSt
005 20201216103417.0
008 190216s9999||||xx |||||||||||||| ||und||
040 _coclc
082 _a729.28
_bCUL/T
100 _aCullen, John
_97558
245 0 _aThe Lighting Hand Book /
_cJohn Cullen
260 _bPelham Books,
_c1986.
_aLondon:
300 _a93p
650 _aPhysics
942 _cREF
_2ddc
_h729.28
_iCUL/T
_k729.28
_mCUL/T